LEADER 01200nam2 2200325 450 001 000040365 005 20150210151301.0 010 $a2-251-00225-1 100 $a20150210d1985----km-y0itaa50------ba 101 2 $agrc$afre 102 $aFR 200 1 $a<> sophiste$fPlaton$gtexte établi et traduit par Auguste Diès 205 $aSixième tirage 210 $aParis$c<> belles lettres$d1985 215 $aP. 268-391$d20 cm 225 2 $aCollection des universités de France 300 $aTraduzione francese con testo greco a fronte 410 0$12001$aCollection des universités de France 461 1$1001000040352$12001$aOeuvres complètes / Platon$vvol. 8.3 500 11$aSophista / Plato$917906 676 $a184$v(22. ed.)$9Filosofia platonica 700 0$aPlato$f<427-347 a.C.>$0292329 702 1$aDiès,$bAuguste 801 0$aIT$bUniversità della Basilicata - B.I.A.$gREICAT$2unimarc 912 $a000040365 996 $aSophista$917906 997 $aUNIBAS CAT $aEXT013$b01$c20150210$lBAS01$h1513 FMT Z30 -1$lBAS01$LBAS01$mBOOK$1BASA1$APolo Storico-Umanistico$2GEN$BCollezione generale$3Class/544$681136$5L81136$820150210$f02$FPrestabile Generale LEADER 01631nam a2200325 i 4500 001 991001521659707536 008 051006s2005 paua b 101 0 eng d 020 $a0873395360 035 $ab13385276-39ule_inst 040 $aDip.to Ingegneria dell'Innovazione$beng 082 0 $a671.5 245 00$aFriction stir welding and processing II :$bproceedings of a symposia [sic] sponsored by the Shaping and Forming Committee of the Materials Processing and Manufacturing Division (MPMD) of TMS (The Minerals, Metals & Materials Society), 2003 TMS Annual Meeting, San Diego, California, March 2-6, 2003 /$cedited by Kumar V. Jata ... [et al.] 260 $aWarrendale, Pa. :$bTMS,$cc2003 300 $aix, 274 p. :$bill. ;$c24 cm 504 $aIncludes bibliographical references and indexes 650 4$aFriction welding$vCongresses 700 1 $aSemiatin, S.L. 700 1 $aJata, Kumar V. 700 1 $aLienert, Thomas J. 700 1 $aMishra, Rajiv S. 700 1 $aMahoney, Murray W. 710 2 $aMinerals, Metals and Materials Society.$bShaping and Forming Committee 710 2 $aMinerals, Metals and Materials Society.$bMeeting$d(San Diego, Calif.) 711 2 $aTMS Symposium on Friction Stir Welding$n(2003 :$cSan Francisco, Calif.) 907 $a.b13385276$b21-09-06$c08-03-06 912 $a991001521659707536 945 $aLE026 671.5 JAT 01.02 2003$g1$i2026000026374$lle026$nProf. Cavaliere / Biblioteca$op$pE197.27$q-$rl$s- $t4$u1$v0$w1$x0$y.i14203510$z09-03-06 996 $aFriction stir welding and processing II$91090155 997 $aUNISALENTO 998 $ale026$b06-10-05$cm$da $e-$feng$gpau$h0$i0